=LDR 00000nam 2200000 4500 =001 INLIS000000000030337 =005 20130612132505 =008 ***********************************Ind** =035 ##$$0010-061300000030337 =041 ##$$a Ind =082 ##$$a 372.634 =090 ##$$a 372.634, Asy p =100 ##$$a Asy'ari, S. Imam =245 ##$$a Petunjuk teknis menulis naskah ilmiah, S. Imam Asy'ari =260 ##$$a 1984 $b Surabaya =300 ##$$a xiii, 103 hlm, 20 cm =650 ##$$a Teknis Menulis =850 ##$$a NBPNMAT